[Event "First Saturday 2010 may FM-A"]
[Site "Budapest"]
[Date "2010.05.01"]
[Round "1"]
[White "Kapferer, Romed"]
[Black "Erhard, Jacob"]
[Result "1/2-1/2"]
[WhiteElo "2085"]
[BlackElo "2092"]
[PlyCount "60"]
[EventDate "2010.05.01"]

1. e4 e6 2. d4 d5 3. Nc3 Nf6 4. e5 Nfd7 5. f4 c5 6. Nf3 Nc6 7. Be3 a6 8. Qd2 b5
9. dxc5 Bxc5 10. Bxc5 Nxc5 11. Qf2 Qb6 12. Bd3 b4 13. Ne2 a5 14. O-O Ba6 15.
Kh1 Bxd3 16. cxd3 Qb5 17. f5 Nxd3 18. Qh4 Ndxe5 19. Nxe5 Nxe5 20. Nd4 Qb8 21.
fxe6 O-O 22. e7 Re8 23. Rae1 Ra6 24. Nf5 Re6 25. Qd4 Qb5 26. Qf2 Qb8 27. Nxg7
Kxg7 28. Rxe5 Qxe5 29. Qxf7+ Kh6 30. Qf8+ Qg7 1/2-1/2

[Event "First Saturday 2010 may FM-A"]
[Site "Budapest"]
[Date "2010.05.01"]
[Round "1"]
[White "Zilahi, Gabor"]
[Black "Kantor, Reka"]
[Result "0-1"]
[WhiteElo "1959"]
[BlackElo "1962"]
[PlyCount "92"]
[EventDate "2010.05.01"]

1. d4 Nf6 2. Bg5 Ne4 3. Bf4 e6 4. f3 Nf6 5. Nc3 d5 6. e4 a6 7. e5 Nfd7 8. Qd2
c5 9. dxc5 Nc6 10. Bg5 Qc7 11. f4 Nxc5 12. Nf3 b5 13. a3 Bb7 14. Be2 Rc8 15.
Rd1 Nd7 16. O-O Na5 17. Kh1 Nc4 18. Bxc4 Qxc4 19. f5 Bxa3 20. fxe6 fxe6 21.
bxa3 Qxc3 22. Qf4 Qc4 23. Nd4 Rf8 24. Nxe6 Rxf4 25. Nxg7+ Kf7 26. Rxf4+ Qxf4
27. Bxf4 Kxg7 28. e6 Nf8 29. e7 Ng6 30. Re1 Kf7 31. Bd6 Re8 32. Rf1+ Ke6 33.
Bb4 Nxe7 34. Kg1 Nc6 35. Bc5 Ne5 36. Re1 Kd7 37. Rf1 Re6 38. Rf5 Kc6 39. Bd4
Nc4 40. Rf3 Bc8 41. h3 Bd7 42. g4 Rg6 43. Kf2 Kd6 44. Bc3 a5 45. Bf6 Nd2 46.
Rf4 Ne4+ 0-1

[Event "First Saturday 2010 may FM-A"]
[Site "Budapest"]
[Date "2010.05.01"]
[Round "1"]
[White "Kubacsni, Vilmos"]
[Black "Daamen, Ferry"]
[Result "1/2-1/2"]
[WhiteElo "2075"]
[BlackElo "2063"]
[PlyCount "87"]
[EventDate "2010.05.01"]

1. e4 c5 2. Nf3 d6 3. d4 cxd4 4. Nxd4 Nf6 5. Nc3 a6 6. Be3 e5 7. Nb3 Be6 8. Qd2
Be7 9. h3 Nbd7 10. g4 b5 11. Bg2 Nb6 12. Na5 Rc8 13. b3 b4 14. Nd5 Nbxd5 15.
exd5 Qxa5 16. dxe6 fxe6 17. O-O d5 18. a3 Qb5 19. a4 Qc6 20. Rac1 O-O 21. Qe2
a5 22. Bd2 e4 23. g5 Nd7 24. c4 Qb6 25. Be3 Bc5 26. cxd5 Bxe3 27. Rxc8 Rxc8 28.
dxe6 Bxf2+ 29. Rxf2 Rc1+ 30. Bf1 Qxe6 31. Qe3 Rb1 32. Qa7 g6 33. Qe3 Rxb3 34.
Qd4 Rb1 35. Kg2 Rxf1 36. Rxf1 e3 37. Re1 Qa2+ 38. Kh1 Qd2 39. Qc4+ Kg7 40. Re2
Qd1+ 41. Kg2 Ne5 42. Qc7+ Nf7 43. Rxe3 Qd5+ 44. Kf2 1/2-1/2

[Event "First Saturday 2010 may FM-A"]
[Site "Budapest"]
[Date "2010.05.01"]
[Round "1"]
[White "Zala, Gyula"]
[Black "Henrichsen, Jens"]
[Result "1-0"]
[WhiteElo "2042"]
[BlackElo "1990"]
[PlyCount "75"]
[EventDate "2010.05.01"]

1. e4 c5 2. a3 e6 3. b4 cxb4 4. axb4 Nf6 5. d3 Bxb4+ 6. c3 Be7 7. f4 d5 8. e5
Nfd7 9. d4 O-O 10. Bd3 f6 11. Nf3 Nc6 12. O-O f5 13. Ra2 Rf7 14. g3 Nf8 15. Rg2
Kh8 16. Kh1 Bd7 17. g4 g6 18. gxf5 exf5 19. Ng5 Bxg5 20. Rxg5 Ne6 21. Rg3 Ne7
22. Qf3 Bc6 23. Rfg1 Qd7 24. Ba3 Ng7 25. Rh3 Kg8 26. Qg3 Bb5 27. Bxb5 Qxb5 28.
Bxe7 Rxe7 29. Qh4 Re6 30. Qxh7+ Kf7 31. Rhg3 Qc6 32. Nd2 Rg8 33. Nf3 Kf8 34.
Rxg6 Rxg6 35. Rxg6 Qxc3 36. Kg2 Qc2+ 37. Kg3 Qc7 38. Rf6+ 1-0

[Event "First Saturday 2010 may FM-A"]
[Site "Budapest"]
[Date "2010.05.01"]
[Round "1"]
[White "Fendrich, Zoltan"]
[Black "Tran, Minh Thang"]
[Result "1-0"]
[WhiteElo "1971"]
[BlackElo "2021"]
[PlyCount "115"]
[EventDate "2010.05.01"]

1. e4 e6 2. Nf3 b6 3. Nc3 Bb7 4. d4 Bb4 5. Bd3 c5 6. dxc5 bxc5 7. Bd2 Ne7 8.
O-O O-O 9. Nb5 Bxd2 10. Nxd2 d5 11. e5 Qb6 12. Nd6 Nbc6 13. Qh5 Ng6 14. Nf3
Ncxe5 15. Ng5 h6 16. Ngxf7 Nxf7 17. Nxf7 Nf4 18. Nxh6+ gxh6 19. Qxh6 Qc7 20. g3
Nxd3 21. Qxe6+ Qf7 22. Qxf7+ Rxf7 23. cxd3 Rf3 24. Rfd1 d4 25. Rac1 Rc8 26. Rc2
Kf7 27. h4 Ke6 28. Rc4 Kd6 29. b4 Kd5 30. Rdc1 Rxd3 31. Rxc5+ Rxc5 32. Rxc5+
Kd6 33. g4 Rc3 34. h5 Rxc5 35. bxc5+ Kxc5 36. f4 d3 37. Kf2 Kc4 38. Ke3 Kc3 39.
h6 d2 40. h7 d1=Q 41. h8=Q+ Kc2 42. Qh7+ Kc1 43. Qc7+ Qc2 44. Qxc2+ Kxc2 45. g5
Bd5 46. f5 Bf7 47. g6 Be8 48. Kf4 a5 49. Kg5 a4 50. f6 Kb2 51. f7 Bxf7 52. gxf7
Kxa2 53. f8=Q Kb3 54. Qf6 Ka2 55. Qe6+ Kb2 56. Qe5+ Ka2 57. Qd5+ Kb2 58. Qd4+
1-0

[Event "First Saturday 2010 may FM-A"]
[Site "Budapest"]
[Date "2010.05.01"]
[Round "1"]
[White "Koczo, Kristof"]
[Black "Darazs, Zoltan"]
[Result "1/2-1/2"]
[WhiteElo "2167"]
[BlackElo "2214"]
[PlyCount "39"]
[EventDate "2010.05.01"]

1. e4 e5 2. Nf3 Nc6 3. Nc3 Nf6 4. Bc4 Bc5 5. O-O O-O 6. d3 d6 7. Bg5 h6 8. Bh4
Be6 9. Bxf6 Qxf6 10. Nd5 Bxd5 11. Bxd5 Nd4 12. Nxd4 Bxd4 13. c3 c6 14. cxd4
cxd5 15. exd5 exd4 16. Qg4 Qe5 17. Qe4 Rfe8 18. Rfe1 Re7 19. Re2 Rae8 20. Rae1
1/2-1/2

[Event "First Saturday 2010 may FM-A"]
[Site "Budapest"]
[Date "2010.05.02"]
[Round "2"]
[White "Tran, Minh Thang"]
[Black "Koczo, Kristof"]
[Result "0-1"]
[WhiteElo "2021"]
[BlackElo "2167"]
[PlyCount "102"]
[EventDate "2010.05.01"]

1. d4 d5 2. Bf4 e6 3. e3 c5 4. c3 Nc6 5. Nd2 Bd6 6. Bxd6 Qxd6 7. f4 Nge7 8. Bd3
Bd7 9. Ngf3 f6 10. O-O e5 11. fxe5 fxe5 12. dxe5 Nxe5 13. Nxe5 Qxe5 14. e4
O-O-O 15. Nf3 Qc7 16. Qe2 Rde8 17. Qf2 Ng6 18. Rfe1 Nf4 19. Bc2 g5 20. Rad1
Ref8 21. Qe3 g4 22. Nd2 Rhg8 23. Nf1 h5 24. exd5 h4 25. Qe5 Nh3+ 26. gxh3 gxh3+
27. Ng3 hxg3 28. Qxc7+ Kxc7 29. Be4 gxh2+ 30. Kh1 Rf2 31. d6+ Kb6 32. Rc1 Rg4
33. Bd5 Rg5 34. c4 Bg4 35. Rc3 Rxb2 36. Rb3+ Rxb3 37. axb3 Bd7 38. Rd1 Bc6 39.
Kxh2 Bxd5 40. Rxd5 Rg8 41. Kxh3 Kc6 42. d7 Rd8 43. Kg4 Rxd7 44. Rxd7 Kxd7 45.
Kf5 Kc6 46. Ke4 b5 47. cxb5+ Kxb5 48. Kd3 Kb4 49. Kc2 Ka3 50. Kc3 a5 51. Kc2
Ka2 0-1

[Event "First Saturday 2010 may FM-A"]
[Site "Budapest"]
[Date "2010.05.02"]
[Round "2"]
[White "Henrichsen, Jens"]
[Black "Fendrich, Zoltan"]
[Result "0-1"]
[WhiteElo "1990"]
[BlackElo "1971"]
[PlyCount "82"]
[EventDate "2010.05.01"]

1. d4 Nf6 2. Nf3 d5 3. c4 c6 4. Nc3 Bf5 5. Qb3 Qb6 6. Qxb6 axb6 7. cxd5 Nxd5 8.
Nxd5 cxd5 9. Bf4 e6 10. e3 Bb4+ 11. Nd2 O-O 12. a3 Rc8 13. Bxb8 Rcxb8 14. Rc1
Bd6 15. Bb5 Rc8 16. Ke2 Kf8 17. h3 Ke7 18. Nb1 Bxb1 19. Rxb1 Rc2+ 20. Kf3 e5
21. dxe5 Bxe5 22. Rhc1 Rac8 23. Rxc2 Rxc2 24. b3 Rc3 25. Ke2 Rc2+ 26. Kf3 Bd6
27. a4 Rc3 28. Rd1 Ke6 29. Rd3 Rc2 30. Rd1 Rb2 31. Re1 Rxb3 32. Re2 Bb4 33. Kf4
Kf6 34. g4 g5+ 35. Kf3 Ke5 36. Be8 f6 37. Bb5 d4 38. Rc2 d3 39. Rc8 d2 40. Rd8
Rb1 41. Be2 Bd6 0-1

[Event "First Saturday 2010 may FM-A"]
[Site "Budapest"]
[Date "2010.05.02"]
[Round "2"]
[White "Daamen, Ferry"]
[Black "Zala, Gyula"]
[Result "0-1"]
[WhiteElo "2063"]
[BlackElo "2042"]
[PlyCount "109"]
[EventDate "2010.05.01"]

1. d4 d5 2. Nf3 f5 3. g3 e6 4. Bg2 c6 5. c4 Nf6 6. O-O Bd6 7. b3 O-O 8. Ba3
Bxa3 9. Nxa3 Nbd7 10. Nc2 Ne4 11. Nce1 Ndf6 12. Nd3 Bd7 13. Nfe5 Be8 14. Nf4
Qe7 15. f3 Nd6 16. Qd2 g5 17. Nfd3 Qg7 18. Nc5 Bf7 19. cxd5 exd5 20. Nxf7 Rxf7
21. Ne6 Qg6 22. Nxg5 Re7 23. Nh3 Rae8 24. Rfe1 Re3 25. Nf4 Qg5 26. Nh3 Qh6 27.
Nf2 f4 28. gxf4 Qxf4 29. Nh3 Qh6 30. Rad1 Nh5 31. Kh1 Kh8 32. Rg1 Nf5 33. Bf1
Nf4 34. Nxf4 Qxf4 35. Rg4 Qd6 36. Qc2 Nh6 37. Rg2 Qf6 38. Rd3 Nf5 39. Qd2 Qe6
40. Rg1 Rxd3 41. Qxd3 Ne3 42. Bg2 Rg8 43. Bh3 Qh6 44. Bg4 Re8 45. Rg3 Re7 46.
Kg1 Qf4 47. Bc8 b6 48. Qc3 Nd1 49. Qd3 Qc1 50. Kg2 Re3 51. Qa6 b5 52. Rh3 Rxe2+
53. Kg3 Nf2 54. Bg4 Nh1+ 55. Kh4 0-1

[Event "First Saturday 2010 may FM-A"]
[Site "Budapest"]
[Date "2010.05.02"]
[Round "2"]
[White "Kantor, Reka"]
[Black "Kubacsni, Vilmos"]
[Result "1-0"]
[WhiteElo "1962"]
[BlackElo "2075"]
[PlyCount "99"]
[EventDate "2010.05.01"]

1. e4 c5 2. Nf3 e6 3. c4 Nc6 4. Nc3 a6 5. d4 cxd4 6. Nxd4 Qc7 7. Be3 Bb4 8. Rc1
Nf6 9. f3 O-O 10. a3 Be7 11. Be2 Nxd4 12. Qxd4 d6 13. O-O Bd7 14. Rfd1 Rac8 15.
b4 Rfd8 16. Bf1 Qb8 17. Qd2 b5 18. cxb5 axb5 19. Qd3 Rc4 20. Nxb5 Bxb5 21. Rxc4
d5 22. Rc8 Rxc8 23. Qxb5 dxe4 24. Qxb8 Rxb8 25. fxe4 Nxe4 26. Rd7 Kf8 27. Bd3
Nf6 28. Ra7 Bd6 29. h3 Nd5 30. Ra6 Bc7 31. Bc5+ Ke8 32. b5 Kd8 33. a4 Kc8 34.
Bxh7 Bb6 35. Bxb6 Rxb6 36. Ra7 Nc7 37. Be4 Kb8 38. Ra5 Rd6 39. Kf2 Rd2+ 40. Ke3
Rb2 41. Kd3 Rb4 42. Bf3 Nd5 43. Ra6 Rb2 44. Bxd5 exd5 45. Rb6+ Kc7 46. a5 Rb4
47. g4 Rb3+ 48. Kd4 Rxh3 49. Rc6+ Kd7 50. a6 1-0

[Event "First Saturday 2010 may FM-A"]
[Site "Budapest"]
[Date "2010.05.02"]
[Round "2"]
[White "Kapferer, Romed"]
[Black "Zilahi, Gabor"]
[Result "1-0"]
[WhiteElo "2085"]
[BlackElo "1959"]
[PlyCount "42"]
[EventDate "2010.05.01"]

1. e4 c6 2. d4 d5 3. f3 e6 4. Nc3 Bb4 5. Bf4 dxe4 6. fxe4 Nf6 7. Qd3 b6 8. Nge2
Ba6 9. Qe3 Nbd7 10. O-O-O Bb7 11. g4 O-O 12. Bh3 Qc8 13. Kb1 Re8 14. Rhf1 c5
15. g5 Nh5 16. Nb5 cxd4 17. Qxd4 Nxf4 18. Rxf4 Qc5 19. Qxd7 Bc6 20. Qxf7+ Kh8
21. Nd6 Rg8 1-0

[Event "First Saturday 2010 may FM-A"]
[Site "Budapest"]
[Date "2010.05.03"]
[Round "3"]
[White "Zilahi, Gabor"]
[Black "Erhard, Jacob"]
[Result "0-1"]
[WhiteElo "1959"]
[BlackElo "2092"]
[PlyCount "98"]
[EventDate "2010.05.01"]

1. d4 Nf6 2. Bg5 e6 3. e4 h6 4. Bxf6 Qxf6 5. Nc3 Bb4 6. Qd2 d6 7. O-O-O O-O 8.
f4 Bxc3 9. bxc3 d5 10. e5 Qe7 11. c4 Qa3+ 12. Kb1 dxc4 13. Bxc4 b5 14. Be2 Na6
15. h4 Nb4 16. c3 Nd5 17. Rh3 Rb8 18. Rc1 b4 19. cxb4 Qxb4+ 20. Qxb4 Rxb4+ 21.
Rb3 Rxd4 22. g3 Bd7 23. Nf3 Re4 24. Bc4 Ba4 25. Nd2 Bxb3 26. Nxe4 Bxc4 27. Rxc4
Rb8+ 28. Kc1 Kf8 29. Nc3 Nxc3 30. Rxc3 Rb7 31. Ra3 h5 32. Kc2 Ke7 33. Kd3 Kd7
34. Kc4 c6 35. Ra5 Kc7 36. Ra6 g6 37. Kc5 Rb5+ 38. Kc4 Kb7 39. Ra3 Kb6 40. Rd3
Rc5+ 41. Kb3 Rd5 42. Re3 c5 43. Kb2 c4 44. Ra3 a5 45. Rf3 Kb5 46. Kc3 Rd1 47.
Kc2 Rg1 48. Kc3 Rg2 49. a3 Kc5 0-1

[Event "First Saturday 2010 may FM-A"]
[Site "Budapest"]
[Date "2010.05.03"]
[Round "3"]
[White "Kubacsni, Vilmos"]
[Black "Kapferer, Romed"]
[Result "1/2-1/2"]
[WhiteElo "2075"]
[BlackElo "2085"]
[PlyCount "64"]
[EventDate "2010.05.01"]

1. e4 c6 2. d4 d5 3. exd5 cxd5 4. Bd3 Nc6 5. Nf3 g6 6. O-O Bg7 7. Be3 Qb6 8.
Nc3 Nf6 9. Na4 Qc7 10. h3 O-O 11. Rc1 Nb4 12. a3 Nxd3 13. cxd3 Qd6 14. Qd2 Bf5
15. Bf4 Qd8 16. Ne5 Rc8 17. g4 Be6 18. Bh6 Nd7 19. Bxg7 Kxg7 20. Qe3 Rxc1 21.
Rxc1 Nf6 22. b4 Qd6 23. Nc5 Bc8 24. f4 b6 25. Nb3 Bd7 26. Nd2 a5 27. Ndf3 axb4
28. axb4 Rc8 29. f5 Rxc1+ 30. Qxc1 Qxb4 31. g5 Bxf5 32. gxf6+ exf6 1/2-1/2

[Event "First Saturday 2010 may FM-A"]
[Site "Budapest"]
[Date "2010.05.03"]
[Round "3"]
[White "Zala, Gyula"]
[Black "Kantor, Reka"]
[Result "1-0"]
[WhiteElo "2042"]
[BlackElo "1962"]
[PlyCount "63"]
[EventDate "2010.05.01"]

1. e4 c6 2. d4 d5 3. c4 dxe4 4. Be3 g6 5. Nc3 f5 6. Be2 Nf6 7. h4 h6 8. Qd2 Be6
9. Nh3 Bf7 10. f3 exf3 11. Bxf3 Bxc4 12. O-O-O Na6 13. Nf4 Bf7 14. Nd3 Qa5 15.
Ne5 Nb4 16. Nxf7 Kxf7 17. Kb1 Nfd5 18. Bxd5+ Nxd5 19. h5 Nxc3+ 20. bxc3 Qb5+
21. Ka1 g5 22. Rhf1 Kf6 23. d5 Qxd5 24. Qe2 Qxd1+ 25. Qxd1 e5 26. Qc2 f4 27. g3
Bd6 28. Qg6+ Ke7 29. gxf4 gxf4 30. Rd1 Rad8 31. Bf2 Bb4 32. Bh4+ 1-0

[Event "First Saturday 2010 may FM-A"]
[Site "Budapest"]
[Date "2010.05.03"]
[Round "3"]
[White "Fendrich, Zoltan"]
[Black "Daamen, Ferry"]
[Result "1-0"]
[WhiteElo "1971"]
[BlackElo "2063"]
[PlyCount "161"]
[EventDate "2010.05.01"]

1. e4 c5 2. Nf3 d6 3. d4 cxd4 4. Nxd4 Nf6 5. Nc3 a6 6. Be3 e5 7. Nf3 Be7 8. Be2
O-O 9. O-O h6 10. h3 Be6 11. Qd2 Nbd7 12. Rad1 b5 13. a3 Rc8 14. Qc1 Qc7 15.
Rd2 Nb6 16. Bxb6 Qxb6 17. Nd5 Nxd5 18. exd5 Bf5 19. Re1 Be4 20. Qd1 Bh7 21. Bd3
f5 22. c3 Bf6 23. Bc2 Kh8 24. Qe2 Rc4 25. Qe3 Qc7 26. Bb3 Re4 27. Qd3 Rxe1+ 28.
Nxe1 e4 29. Qe2 Bg5 30. Rd1 Qd7 31. Nc2 f4 32. f3 e3 33. Nd4 Bh4 34. Ne6 Bf2+
35. Kh1 Rf6 36. c4 Rxe6 37. dxe6 Qxe6 38. cxb5 Qxb3 39. bxa6 Qb6 40. b4 Bg8 41.
Rc1 Qd4 42. b5 Bb3 43. a7 Qxa7 44. Rc8+ Kh7 45. Qd3+ g6 46. Qxb3 Qg7 47. Rc1 e2
48. Qe6 Be3 49. Rb1 Qc3 50. Qe7+ Kg8 51. Qd8+ Kg7 52. Qh4 g5 53. Qe1 Qd3 54.
Rb2 Qxa3 55. Rxe2 Qc5 56. Qb1 Qb6 57. Ra2 Qc7 58. Qc2 Bc5 59. Ra8 Qe7 60. Qe4
Qf7 61. Re8 d5 62. Qe5+ Kg6 63. Re6+ Kh5 64. Qf6 Qxf6 65. Rxf6 d4 66. Rf5 Bb6
67. Rd5 Kh4 68. Rd6 Bc5 69. Rxh6+ Kg3 70. b6 d3 71. Rg6 d2 72. Rxg5+ Kf2 73.
Rd5 Ke2 74. b7 Ba7 75. h4 d1=Q+ 76. Rxd1 Kxd1 77. h5 Bb8 78. h6 Ke2 79. h7 Be5
80. h8=Q Bxh8 81. b8=Q 1-0

[Event "First Saturday 2010 may FM-A"]
[Site "Budapest"]
[Date "2010.05.03"]
[Round "3"]
[White "Koczo, Kristof"]
[Black "Henrichsen, Jens"]
[Result "1/2-1/2"]
[WhiteElo "2167"]
[BlackElo "1990"]
[PlyCount "90"]
[EventDate "2010.05.01"]

1. d4 Nf6 2. c4 e6 3. Nc3 Bb4 4. e3 c5 5. Nge2 cxd4 6. exd4 O-O 7. a3 Be7 8.
Nf4 d5 9. cxd5 Nxd5 10. Ncxd5 exd5 11. Bd3 Nc6 12. Be3 g6 13. O-O Bf6 14. Bc2
Bg7 15. Qd2 Qd6 16. Rac1 Be6 17. h4 Ne7 18. Nxe6 fxe6 19. Bh6 Bxh6 20. Qxh6 Qf4
21. Qxf4 Rxf4 22. Rfe1 Kf7 23. Ba4 Rxd4 24. Bd7 Re4 25. Rxe4 dxe4 26. Rc7 Rb8
27. Ba4 Kf6 28. Bc2 Rc8 29. Rxc8 Nxc8 30. Bxe4 Nd6 31. Bd3 e5 32. Kf1 e4 33.
Be2 h6 34. Ke1 Ke5 35. Kd2 Kd4 36. g3 g5 37. hxg5 hxg5 38. Bf1 b6 39. b3 Nf7
40. Be2 Ne5 41. b4 Nf7 42. Kc2 Nd6 43. Kd2 b5 44. Kc2 Nc4 45. Kb3 Nd6 1/2-1/2

[Event "First Saturday 2010 may FM-A"]
[Site "Budapest"]
[Date "2010.05.03"]
[Round "3"]
[White "Darazs, Zoltan"]
[Black "Tran, Minh Thang"]
[Result "0-1"]
[WhiteElo "2214"]
[BlackElo "2021"]
[PlyCount "86"]
[EventDate "2010.05.01"]

1. d4 e6 2. e4 b6 3. Nc3 Bb7 4. Nf3 Bb4 5. Bd3 c5 6. O-O Ne7 7. a3 Bxc3 8. bxc3
c4 9. Bxc4 Bxe4 10. Ng5 Bb7 11. Qh5 Ng6 12. Bd3 f5 13. Nxh7 Kf7 14. Bxf5 exf5
15. Qxf5+ Kg8 16. Qxg6 Rxh7 17. Re1 Na6 18. Bg5 Qf8 19. Re7 Bc6 20. c4 Rh6 21.
Rxg7+ Qxg7 22. Qxh6 Qxh6 23. Bxh6 Be4 24. a4 Nb4 25. c3 Nc2 26. Ra2 Rc8 27. a5
Rxc4 28. axb6 axb6 29. f3 Bd3 30. Bd2 Kf7 31. h4 b5 32. Ra7 Ke7 33. Rb7 Na3 34.
Bg5+ Ke6 35. Rb6+ Rc6 36. Rxc6+ dxc6 37. Kf2 Nb1 38. g4 Nxc3 39. Ke3 Bh7 40. f4
Be4 41. f5+ Kf7 42. Bd8 Bg2 43. Ba5 Nd5+ 0-1

[Event "First Saturday 2010 may FM-A"]
[Site "Budapest"]
[Date "2010.05.04"]
[Round "4"]
[White "Erhard, Jacob"]
[Black "Tran, Minh Thang"]
[Result "1/2-1/2"]
[WhiteElo "2092"]
[BlackElo "2021"]
[PlyCount "75"]
[EventDate "2010.05.01"]

1. e4 c5 2. Nc3 g6 3. g3 Nc6 4. Bg2 Bg7 5. Nge2 e6 6. O-O Nge7 7. d3 O-O 8. Be3
b6 9. Qd2 Re8 10. Bh6 Bh8 11. f4 d5 12. f5 d4 13. Nd1 exf5 14. exf5 Bxf5 15.
Rxf5 Nxf5 16. Bxc6 Nxh6 17. Qxh6 Rxe2 18. Bxa8 Qxa8 19. Qh3 Qf3 20. Qf1 Qxf1+
21. Kxf1 Rxc2 22. b3 Bg7 23. a4 a5 24. Rb1 Bh6 25. Rb2 Rxb2 26. Nxb2 Bg5 27.
Nc4 Bd8 28. Kf2 Bc7 29. Kf3 f5 30. h3 Kf7 31. h4 Ke6 32. Na3 h6 33. Nc4 g5 34.
hxg5 hxg5 35. Kg2 Kf7 36. Kh3 Kg6 37. g4 f4 38. Kg2 1/2-1/2

[Event "First Saturday 2010 may FM-A"]
[Site "Budapest"]
[Date "2010.05.04"]
[Round "4"]
[White "Henrichsen, Jens"]
[Black "Darazs, Zoltan"]
[Result "0-1"]
[WhiteElo "1990"]
[BlackElo "2214"]
[PlyCount "86"]
[EventDate "2010.05.01"]

1. d4 Nf6 2. c4 g6 3. Nc3 d5 4. Nf3 Bg7 5. Qb3 dxc4 6. Qxc4 a6 7. e4 O-O 8. e5
b5 9. Qb3 Nfd7 10. Ng5 e6 11. h4 h6 12. Nge4 c5 13. Nxc5 Nxc5 14. dxc5 Nd7 15.
f4 Nxc5 16. Qc2 b4 17. Ne4 Nxe4 18. Qxe4 Rb8 19. h5 Bb7 20. Qd3 Qxd3 21. Bxd3
Rfd8 22. Ke2 gxh5 23. Be3 f6 24. Rxh5 f5 25. Bc5 Rbc8 26. Bd6 Kf7 27. g3 a5 28.
Ke3 Bd5 29. Rh2 Rg8 30. Rc2 Rxc2 31. Bxc2 Bf8 32. Kf2 Bxd6 33. exd6 Rd8 34. Bb3
Bxb3 35. axb3 Rxd6 36. Rxa5 Rd2+ 37. Kf3 Rxb2 38. Ra7+ Kf6 39. Rh7 Rxb3+ 40.
Kf2 Rc3 41. Rxh6+ Ke7 42. Rh7+ Kd6 43. Rb7 b3 0-1

[Event "First Saturday 2010 may FM-A"]
[Site "Budapest"]
[Date "2010.05.04"]
[Round "4"]
[White "Daamen, Ferry"]
[Black "Koczo, Kristof"]
[Result "0-1"]
[WhiteElo "2063"]
[BlackElo "2167"]
[PlyCount "128"]
[EventDate "2010.05.01"]

1. d4 d5 2. c4 c6 3. Nf3 Nf6 4. Nc3 dxc4 5. a4 Bf5 6. e3 e6 7. Bxc4 Bb4 8. O-O
O-O 9. Qe2 Bg4 10. h3 Bxf3 11. Qxf3 Nbd7 12. Rd1 e5 13. Ne4 Qe7 14. Ng3 e4 15.
Qe2 g6 16. a5 a6 17. Bd2 Bd6 18. Nf1 Nd5 19. f4 f5 20. Be1 Kh8 21. Rdc1 N7f6
22. Bc3 Rg8 23. Kh1 g5 24. g3 Rg6 25. Be1 Rag8 26. Rc2 Qg7 27. Bxd5 Nxd5 28.
Qf2 Qh6 29. h4 gxh4 30. gxh4 Be7 31. Qh2 Qh5 32. Qh3 Rg1+ 33. Kh2 Qf3 34. Qxf3
exf3 35. Rf2 R1g2+ 36. Rxg2 Rxg2+ 37. Kh1 Rxb2 38. h5 Kg7 39. Ng3 Nxe3 40. d5
Nxd5 41. Nxf5+ Kf6 42. Nh6 Ke6 43. f5+ Kd7 44. Bg3 Bd6 45. Bxd6 Kxd6 46. Nf7+
Ke7 47. Ng5 f2 48. Nxh7 Ne3 49. f6+ Kf7 50. Ng5+ Kxf6 51. Ne4+ Kg7 52. Ng3 Kh6
53. Nf1 Nxf1 54. Rxf1 Kxh5 55. Kg2 Kg4 56. Ra1 Kf4 57. Ra4+ Ke3 58. Ra3+ Kd4
59. Rf3 c5 60. Kf1 c4 61. Rf7 c3 62. Rd7+ Ke5 63. Re7+ Kd6 64. Re3 c2 0-1

[Event "First Saturday 2010 may FM-A"]
[Site "Budapest"]
[Date "2010.05.04"]
[Round "4"]
[White "Kantor, Reka"]
[Black "Fendrich, Zoltan"]
[Result "1-0"]
[WhiteElo "1962"]
[BlackElo "1971"]
[PlyCount "59"]
[EventDate "2010.05.01"]

1. e4 Nf6 2. Nc3 d6 3. d4 Bd7 4. Bd3 e5 5. d5 Be7 6. Nge2 c6 7. O-O Na6 8. dxc6
Bxc6 9. Nd5 Nc5 10. Nxf6+ Bxf6 11. Ng3 O-O 12. c4 Bh4 13. Nf5 Bxe4 14. Bxe4
Nxe4 15. Qg4 Bg5 16. Qxe4 g6 17. Nxd6 Bxc1 18. Nxb7 Qc7 19. Raxc1 Rab8 20. Nd6
Qxd6 21. c5 Qd4 22. Qxd4 exd4 23. b3 Rfc8 24. Rc4 d3 25. Rd1 Re8 26. g3 Re2 27.
Rxd3 Rxa2 28. c6 Re2 29. c7 Rc8 30. Rd8+ 1-0

[Event "First Saturday 2010 may FM-A"]
[Site "Budapest"]
[Date "2010.05.04"]
[Round "4"]
[White "Kapferer, Romed"]
[Black "Zala, Gyula"]
[Result "1-0"]
[WhiteElo "2085"]
[BlackElo "2042"]
[PlyCount "107"]
[EventDate "2010.05.01"]

1. e4 e5 2. Nf3 d5 3. Nxe5 Qe7 4. d4 f6 5. Nd3 dxe4 6. Nc5 b6 7. Nb3 f5 8. Bb5+
c6 9. Be2 Nf6 10. O-O Qc7 11. c4 Bd6 12. h3 O-O 13. c5 Be7 14. g3 Be6 15. Bf4
Qd7 16. Na3 b5 17. Nc2 Nd5 18. Be5 f4 19. Bg4 f3 20. Bxe6+ Qxe6 21. Kh2 Nd7 22.
Re1 N7f6 23. Ne3 Nb4 24. Bxf6 Bxf6 25. Nc2 Nd5 26. Nd2 Bg5 27. Nxe4 Qf5 28.
Nxg5 Qxg5 29. Re5 Rf5 30. Rxf5 Qxf5 31. Qd2 Qh5 32. Re1 Rf8 33. Re5 Qg6 34. Rg5
Qf7 35. Rg4 Re8 36. Qd3 Re2 37. Kg1 Nf6 38. Rf4 Qxa2 39. Ne3 Qxb2 40. Rxf3 Rd2
41. Qf5 Qxd4 42. Qe6+ Kf8 43. Qxc6 Qd7 44. Qa8+ Kf7 45. c6 Qc7 46. Nf5 Rd8 47.
Qb7 Qxb7 48. cxb7 Rb8 49. Ra3 Ne8 50. Rxa7 b4 51. Nd4 Nd6 52. Nc6 b3 53. Ra3
Nb5 54. Rxb3 1-0

[Event "First Saturday 2010 may FM-A"]
[Site "Budapest"]
[Date "2010.05.04"]
[Round "4"]
[White "Zilahi, Gabor"]
[Black "Kubacsni, Vilmos"]
[Result "0-1"]
[WhiteElo "1959"]
[BlackElo "2075"]
[PlyCount "54"]
[EventDate "2010.05.01"]

1. d4 Nf6 2. Bg5 h6 3. Bxf6 exf6 4. e3 d5 5. Bd3 Nc6 6. c3 Bd6 7. Nd2 O-O 8.
Ngf3 f5 9. Qc2 Qf6 10. O-O a6 11. a4 Ne7 12. b4 c6 13. a5 g5 14. Rfb1 Ng6 15.
Nb3 Re8 16. Nc5 Re7 17. Na4 Be6 18. Nb6 Rae8 19. c4 f4 20. e4 dxe4 21. Bxe4 g4
22. Nd2 Nh4 23. g3 fxg3 24. hxg3 Bf5 25. Bxf5 Nxf5 26. d5 Bxg3 27. Nf1 Nd4 0-1

[Event "First Saturday 2010 may FM-A"]
[Site "Budapest"]
[Date "2010.05.05"]
[Round "5"]
[White "Kubacsni, Vilmos"]
[Black "Erhard, Jacob"]
[Result "0-1"]
[WhiteElo "2075"]
[BlackElo "2092"]
[PlyCount "62"]
[EventDate "2010.05.01"]

1. e4 c5 2. Nf3 e6 3. d4 cxd4 4. Nxd4 a6 5. c4 Nf6 6. Nc3 Bb4 7. Bd3 Bxc3+ 8.
bxc3 Qa5 9. Bd2 d6 10. O-O Nbd7 11. Nb3 Qc7 12. f4 b6 13. Qe2 Bb7 14. a4 O-O
15. Kh1 Qc6 16. Rae1 Qxa4 17. Nd4 Qa5 18. e5 Ne8 19. Nb3 Qa4 20. Nd4 Nc5 21.
Bxh7+ Kxh7 22. Qh5+ Kg8 23. f5 dxe5 24. fxe6 fxe6 25. Rxf8+ Kxf8 26. Nf3 Kg8
27. Nxe5 Nf6 28. Qf7+ Kh8 29. Bh6 Ne8 30. Ng6+ Kh7 31. Ne7 Qc2 0-1

[Event "First Saturday 2010 may FM-A"]
[Site "Budapest"]
[Date "2010.05.05"]
[Round "5"]
[White "Zala, Gyula"]
[Black "Zilahi, Gabor"]
[Result "1/2-1/2"]
[WhiteElo "2042"]
[BlackElo "1959"]
[PlyCount "59"]
[EventDate "2010.05.01"]

1. e4 c6 2. d4 d5 3. c4 dxe4 4. Be3 Nf6 5. Be2 e5 6. Nc3 exd4 7. Bxd4 Bf5 8. g4
Bg6 9. g5 Nfd7 10. h4 Nc5 11. Kf1 Nbd7 12. b4 Ne6 13. c5 a5 14. Bg4 Nxd4 15.
Qxd4 f5 16. h5 Qxg5 17. hxg6 Qxg4 18. Rxh7 Rxh7 19. gxh7 Qh5 20. Nxe4 fxe4 21.
Qxe4+ Kf7 22. Qc4+ Kg6 23. Qd3+ Kf6 24. Qd4+ Kg5 25. Qxd7 Qxh7 26. Qxb7 Rd8 27.
Qxc6 Qd3+ 28. Kg2 axb4 29. Qf3 Qxf3+ 30. Nxf3+ 1/2-1/2

[Event "First Saturday 2010 may FM-A"]
[Site "Budapest"]
[Date "2010.05.05"]
[Round "5"]
[White "Fendrich, Zoltan"]
[Black "Kapferer, Romed"]
[Result "0-1"]
[WhiteElo "1971"]
[BlackElo "2085"]
[PlyCount "50"]
[EventDate "2010.05.01"]

1. e4 c6 2. d4 d5 3. Nc3 dxe4 4. d5 Nf6 5. Bc4 b5 6. Bb3 b4 7. dxc6 Qxd1+ 8.
Nxd1 Nxc6 9. Ne3 e6 10. Ne2 Be7 11. O-O O-O 12. c4 bxc3 13. Nxc3 Ba6 14. Rd1
Rfd8 15. Bd2 Ne5 16. Ba4 Rab8 17. Rab1 Nd3 18. Bb3 Bc5 19. Na4 Bd4 20. Ba5 Rd7
21. Nc3 Rc8 22. Rd2 Rc5 23. Ba4 Rb7 24. Rc2 Rxa5 25. Nxe4 Rb8 0-1